000 00513nam a2200145Ia 4500
008 140724s9999 xx 000 0 und d
050 _aT 58.6
_b.G643 2012
100 _aGonzales, Eumir Ernest Q.
245 _aCustomer relationship management system for Vorrex Credit Corp. /
_cEumir Ernest Q. Gonzales.
260 _aLas PiƱas, Philippines :
_bSouthville International School and Colleges,
_cc2012.
300 _a65 p. :
_bill. ;
_c28 cm.
521 _aInformation Technology
942 _cTH
999 _c228825
_d228825